| 000 | 00453cam a22001934a 4500 | ||
|---|---|---|---|
| 005 | 20250605164312.0 | ||
| 008 | 250528s ||||||||||||||||||||||||d | ||
| 035 | _a22527 | ||
| 020 | _a9780470129128 | ||
| 040 |
_aGR-AtMCL _bgre _dGR-AtMCL _eAACR2 |
||
| 245 | 1 | _aA HISTORY OF MODERN PSYCHOLOGY | |
| 250 | _a3 | ||
| 260 |
_bWiley, _c2008 |
||
| 300 | _a576 | ||
| 700 | 1 |
_aGoodwin C.James _97127 |
|
| 942 | _cBK | ||
| 999 |
_c7576 _d7576 |
||